Gas exchange and leaf area requirement for yield in Cavendish and Gros Michel Bananas (Registro n. 330729)
[ somente texto ]
| 000 -LÍDER | |
|---|---|
| fixed length control field | 04117nab a2200337 i 4500 |
| 003 - CÓDIGO MARC DA AGÊNCIA CATALOGADORA | |
| Campo de controle | BR-BrBNA |
| 005 - DATA E HORA DA ÚLTIMA ATUALIZAÇÃO | |
| Campo de controle | 20250328134727.0 |
| 008 - CAMPO DE TAMANHO FIXO | |
| fixed length control field | 250328b2023 bl.ar|pooa||| 00| 0 eng | |
| 040 ## - FONTE DA CATALOGAÇÃO | |
| Agência catalogadora | BR-BrBNA |
| Idioma da catalogação | eng |
| 072 ## - CATEGORIA AGRIS | |
| Código AGRIS | F60 |
| Código do objeto | 1112 |
| 072 ## - CATEGORIA AGRIS | |
| Código AGRIS | F61 |
| 100 ## - ENTRADA PRINCIPAL - NOME PESSOAL | |
| Nome pessoal | Donato, Sérgio Luiz Rodrigues |
| 100 ## - ENTRADA PRINCIPAL - NOME PESSOAL | |
| Nome pessoal | Arantes, Alessando de Magalhães |
| 100 ## - ENTRADA PRINCIPAL - NOME PESSOAL | |
| Nome pessoal | Soares, Alex Rodrigues Silva |
| 100 ## - ENTRADA PRINCIPAL - NOME PESSOAL | |
| Nome pessoal | Santos, Marcelo Rocha dos |
| 100 ## - ENTRADA PRINCIPAL - NOME PESSOAL | |
| Nome pessoal | Rodrigues, Maria Geralda Vilela |
| 245 ## - TÍTULO PRINCIPAL | |
| Título principal | Gas exchange and leaf area requirement for yield in Cavendish and Gros Michel Bananas |
| 500 ## - NOTA GERAL | |
| Nota geral | Publicação online; 43 ref.; 8 tables; Summaries (En, Pt) |
| 942 ## - ADDED ENTRY ELEMENTS (KOHA) | |
| Koha item type | Analítica |
| 520 ## - NOTA DE RESUMO | |
| Nota de conteúdo | <br/><br/><br/>Abstract: The objective was to evaluate gas exchange and the leaf area requirement for yield in Cavendish and Gros Michel bananas. The cultivars Grande Naine, Calipso, Bucaneiro, FHIA-17 and FHIA-23, and two production cycles, were arranged in a completely randomized experimental design, in a factorial scheme, with five replicates. For the physiological characteristics, a 5x9x2 factorial arrangement was considered, with cultivars, evaluation periods and reading times. Cultivars Bucaneiro and Calipso require larger leaf area per unit produced and FHIA-23, smaller, which suggests a greater photosynthetic efficiency per leaf unit for FHIA-23, confirmed by the higher masses of bunches and hands and greater numbers of hands and fruits. Gas exchange varies with cultivars, evaluation periods and reading times. Cultivars FHIA-17 and Calipso, Gros Michel type, respectively showed higher photosynthesis and transpiration rates than Grande Naine, Cavendish type. Net photosynthesis, stomatal conductance, quantum efficiency of photosynthesis, instantaneous water use efficiency and carboxylation efficiency are higher at 8:00 h than at 14:00 h. The month of June allowed the cultivars to express the highest values of photosynthesis rates, incident radiation on leaves, carboxylation efficiency and stomatal conductance.<br/><br/><br/>Index terms: Musa spp., physiology, climate, production, vigor |
| 520 ## - NOTA DE RESUMO | |
| Nota de conteúdo | <br/><br/><br/>Resumo: Objetivou-se avaliar trocas gasosas e requerimento em área foliar para rendimento de bananeiras Cavendish e Gros Michel. As cultivares, Grande Naine, Calipso, Bucaneiro, FHIA-17 e FHIA-23, e dois ciclos de produção foram dispostos em delineamento experimental inteiramente casualizado, em esquema fatorial, com cinco repetições. Para características fisiológicas, considerou-se arranjo fatorial 5 x 9 x 2, com cinco cultivares, nove períodos de avaliação e dois horários de leituras. As cultivares Bucaneiro e Calipso requerem maior área foliar por unidade produzida, e a FHIA-23, menor, o que sugere maior eficiência fotossintética por unidade de folha para esta, comprovada pelas maiores massas de cachos e de pencas, e maiores quantidades de pencas e frutos. As trocas gasosas variam com as cultivares, épocas de avaliação e horários de leitura. As cultivares FHIA-17 e Calipso, tipo Gros Michel, expressaram, respectivamente, maiores taxa de fotossíntese e de transpiração, que a Grande Naine, tipo Cavendish. A fotossíntese líquida, condutância estomática, e as eficiências quântica da fotossíntese, instantânea de uso da água e de carboxilação são maiores às 8 horas comparada às 14 horas. O mês de junho possibilitou às cultivares expressarem os maiores valores de taxas de fotossíntese, radiação incidente nas folhas, eficiência de carboxilação e condutância estomática.<br/><br/><br/>Termos para indexação: Musa spp., fisiologia, clima, produção, vigor. |
| 650 ## - ASSUNTO - THESAGRO | |
| Cabeçalho tópico ou nome geográfico | BANANA |
| 650 ## - ASSUNTO - THESAGRO | |
| Cabeçalho tópico ou nome geográfico | CONDIÇÃO AMBIENTAL |
| 650 ## - ASSUNTO - THESAGRO | |
| Cabeçalho tópico ou nome geográfico | ÁREA FOLIAR |
| 650 ## - ASSUNTO - THESAGRO | |
| Cabeçalho tópico ou nome geográfico | FOTOSSÍNTESE |
| 650 ## - ASSUNTO - THESAGRO | |
| Cabeçalho tópico ou nome geográfico | FISIOLOGIA VEGETAL |
| 650 ## - ASSUNTO - THESAGRO | |
| Cabeçalho tópico ou nome geográfico | TROCA GASOSA |
| 773 0# - ENTRADA ANALÍTICA | |
| Host Biblionumber | 805 |
| Registro do item | 349549 |
| Imprenta | Jaboticabal-SP Sociedade Brasileira de Fruticultura 1978 |
| Outro identificador | 2025-2069 |
| Título | Revista Brasileira de Fruticultura (Brazil) |
| ISSN | 0100-2945 |
| Colação | v. 45 p. 1-17; (2023) |
| Número de controle de registro | BR2025000417 |
| 856 ## - ACESSO E ENDEREÇO ELETRÔNICO | |
| Identificador uniforme de recurso - URI | https://www.scielo.br/j/rbf/a/P9XtS6jdbCbzkNXZQcDdz5D/?format=pdf&lang=en |
Nenhum exemplar disponível.

BINAGRI